00325nam a22001217a 450000500170000002000220001703500230003903700130006210000160007524500430009126000440013430000250017820180810150327.0 a8122007139c00.00 aB-219788, B-219790 aDPLbENG aSingh, I.M. aQuest beyond religion /cby I.M. Singh aDelhibKonark Publishers Pvt Ltd.c2006 axvii, 315p.c22 cms.